|
|
|
|
| LEADER |
00000cam a2200000 7i4500 |
| 001 |
0000016181 |
| 005 |
20160330.0 |
| 008 |
080423 |
| 020 |
|
|
|a 9832311047
|
| 090 |
0 |
0 |
|a 899.231
|b RAH
|
| 100 |
0 |
|
|a Rahman Shaari
|
| 245 |
1 |
0 |
|a Syair Badrul Zaman :
|b puisi tradisional untuk pelajar tingkatan 1
|c Rahman Shaari
|
| 260 |
|
|
|a Kuala Lumpur :
|b PTS Publications & Distributors ,
|c 2001
|
| 500 |
|
|
|a Teenager ages 13-18 years old (blue)
|
| 650 |
|
0 |
|a Malay Poetry
|
| 999 |
|
|
|a 0001016071
|b Book
|c Teenagers
|e Perbadanan Perpustakaan Awam Johor
|
| 999 |
|
|
|a 0001016072
|b Book
|c Teenagers
|e Perbadanan Perpustakaan Awam Johor
|
| 999 |
|
|
|a 0001016073
|b Book
|c Teenagers
|e Perbadanan Perpustakaan Awam Johor
|
| 999 |
|
|
|a 0001016074
|b Book
|c Teenagers
|e Perbadanan Perpustakaan Awam Johor
|
| 999 |
|
|
|a 0001016075
|b Book
|c Teenagers
|e Perbadanan Perpustakaan Awam Johor
|